Central Library OPAC University of Rajshahi

বিমূর্ত সন্ন্যাস / (Record no. 48930)

MARC details
000 -LEADER
fixed length control field 00752nam a22002297a 4500
001 - CONTROL NUMBER
control field 48930
003 - CONTROL NUMBER IDENTIFIER
rucl marc code BD-RjUL
005 - DATE AND TIME OF LATEST TRANSACTION
control field 20211209054617.0
008 - FIXED-LENGTH DATA ELEMENTS--GENERAL INFORMATION
fixed length control field 160817b2009 bg ||||| |||| 00| 0 ben d
020 ## - INTERNATIONAL STANDARD BOOK NUMBER
International Standard Book Number 4864860046
Terms of availability : TK 69.00
035 ## - SYSTEM CONTROL NUMBER
System control number (BD-RjUL) 49049
040 ## - CATALOGING SOURCE
Original cataloging agency BD-RjUL
Language of cataloging ben
Transcribing agency BD-RjUL
041 ## - LANGUAGE CODE
Language code of text/sound track or separate title ben
082 ## - DEWEY DECIMAL CLASSIFICATION NUMBER
Edition number 23
Classification number 891.441
Author mark and year SOB 2009
100 10 - MAIN ENTRY--PERSONAL NAME
Personal name সোহাগ, শরীফ
9 (RLIN) 147372
245 ## - TITLE STATEMENT
Title বিমূর্ত সন্ন্যাস /
Statement of responsibility, etc. শরীফ সোহাগ
260 ## - PUBLICATION, DISTRIBUTION, ETC. (IMPRINT)
Place of publication, distribution, etc. রাজশাহী :
Name of publisher, distributor, etc. তৃতীয় নয়ন,
Date of publication, distribution, etc. ২০০৯
300 ## - PHYSICAL DESCRIPTION
Pagination ৪৮ পৃ.;
Size ১২ সে.মি.
650 ## - SUBJECT ADDED ENTRY--TOPICAL TERM
Topical term or geographic name as entry element বাংলা কবিতা
9 (RLIN) 147389
Topical term or geographic name as entry element Bengli poetry
9 (RLIN) 120945
942 ## - ADDED ENTRY ELEMENTS (KOHA)
Source of classification or shelving scheme Dewey Decimal Classification
Koha item type Books
Holdings
Lost status Source of classification or shelving scheme Damaged status Not for loan Collection code Permanent Location Current Location Shelving location Date acquired Source of acquisition Cost, normal purchase price Total Checkouts Full call number Date last seen Copy number Koha item type
  Dewey Decimal Classification   Not For Loan Non-fiction Central Library, University of Rajshahi Central Library, University of Rajshahi Reading Room 21/03/2010 writer 69.00   B 891.441 SAB, 2009 17/08/2016 C-1 Books
  Dewey Decimal Classification     Non-fiction Central Library, University of Rajshahi Central Library, University of Rajshahi   21/03/2010 Author, Rajshahi. 69.00   B 891.441 SOB 2009 31/01/2017 C-2 Books